It looks like you're offline.
Open Library logo
additional options menu

MARC record from Internet Archive

LEADER: 00953cam 2200313Mi 4500
001 ocn758782677
003 OCoLC
005 20220118172106.0
008 101105s2008uuuuit a g 001 0 ita d
040 $aZWZ$bita$encafnor$cZWZ
020 $a9788879408790
020 $a8879408798
035 $a(OCoLC)758782677
100 1 $aHeller, Steven$d(1950-....).$4aut$eAuteur.
245 10 $aIcone della grafica /$cSteven Heller & Mirko Ilic.
260 $aModena :$bLogos,$ccop. 2008.
300 $a1 vol. (224 p.) :$bill. en coul., couv. ill. en coul. ;$c31 cm.
336 $btxt$2rdacontent
337 $bn$2rdamedia
337 $bn$2isbdmedia
504 $aIndex.
650 7 $aArts graphiques.$2ram
650 7 $aGraphistes.$2ram
650 7 $aDesigners.$2ram
700 1 $aIlić, Mirko$d(1956-....).$4aut$eAuteur.
886 2 $2unimarc$a181$ai#$bxxxe##
029 0 $aZWZ$b147688124
994 $aZ0$bP4A
948 $hNO HOLDINGS IN P4A - 1 OTHER HOLDINGS